|
|
|
|
| LEADER |
00547nam a2200145Ia 4500 |
| 001 |
3057 |
| 008 |
170722s9999 xx 000 0 und d |
| 100 |
|
|
|a Viraj
|
| 245 |
|
|
|a Adarsa vibhootiyam. /
|
| 260 |
|
|
|c 1970.
|
| 653 |
|
|
|a Biography,india
|
| 942 |
|
|
|c GEN
|
| 999 |
|
|
|c 83798
|d 83798
|
| 952 |
|
|
|0 0
|1 0
|4 0
|6 W_2M8_152L01L011GB
|7 0
|8 CR
|9 117343
|a LIB
|b LIB
|d 2013-03-25
|h CR
|o w2,M8 152L01-L01;1(GB)
|p 143777
|r 2017-08-12
|w 2017-08-12
|y GEN
|
| 952 |
|
|
|0 0
|1 0
|4 0
|6 W_2M8_152L01L011GB
|7 0
|8 GB
|9 117344
|a LIB
|b LIB
|d 2017-08-12
|o w2,M8 152L01-L01;1(GB)
|p 143778
|r 2017-08-12
|w 2017-08-12
|y GEN
|